[Event "DEM U14w 2012"]
[Site "Oberhof GER"]
[Date "2012.05.28"]
[Round "3"]
[White "Eltze, Marlen"]
[Black "Lemke, Berfîn"]
[Result "1/2-1/2"]
[Termination "normal"]
[Board "14"]
[WhiteElo "1183"]
[BlackElo "1530"]
[PlyCount "101"]
[BlackFideId "1270578"]
[EventCountry "GER"]
[EventRounds "9"]
[EventType "swiss"]
[EventDate "2012.05.26"]

1. e4 c5 2. Nc3 d6 3. f4 g6 4. Nf3 Bg7 5. Bc4 Nc6 6. d3 e6 7. O-O Nge7 8. Qe1
O-O 9. Qh4 d5 10. Bb3 dxe4 11. dxe4 Nd4 12. Ng5 h6 13. Nh3 Nec6 14. Qg3 b5 15.
Qd3 c4 16. Bxc4 Nb4 17. Qd2 bxc4 18. a3 Qb6 19. Nf2 Nbc6 20. Qd1 Rd8 21. Bd2
Qxb2 22. Ra2 Qb6 23. Qe1 Bb7 24. Na4 Qa6 25. Nc5 Qb6 26. Nxb7 Qxb7 27. a4 Ne7
28. Qe3 Ndc6 29. c3 Rd7 30. Rd1 Rad8 31. Raa1 Na5 32. g3 Nb3 33. Rab1 Rxd2 34.
Rxd2 Rxd2 35. Qxd2 Nxd2 36. Rxb7 Nc6 37. Rc7 Na5 38. Nd1 Nxe4 39. Rxa7 Nxc3 40.
Ra8+ Kh7 41. Nxc3 Bxc3 42. Kf1 Kg7 43. Ke2 Nb3 44. Rc8 Na5 45. Rc5 Kf6 46. h3
Bb4 47. Rb5 Bc3 48. Rc5 Bb4 49. Rb5 Bc3 50. g4 g5 51. f5 1/2-1/2

[Event "DEM U14w 2012"]
[Site "Oberhof GER"]
[Date "2012.05.29"]
[Round "4"]
[White "Zahn, Alina"]
[Black "Schwarz, Larissa"]
[Result "1/2-1/2"]
[Termination "normal"]
[Board "1"]
[WhiteElo "1773"]
[BlackElo "1875"]
[PlyCount "91"]
[WhiteFideId "24696730"]
[BlackFideId "24699004"]
[EventCountry "GER"]
[EventRounds "9"]
[EventType "swiss"]
[EventDate "2012.05.26"]

1. e4 c5 2. Nf3 b6 3. d4 cxd4 4. Nxd4 Bb7 5. Bd3 g6 6. c4 Bg7 7. Be3 d6 8. Nc3
a6 9. Qe2 Nd7 10. Rc1 Ngf6 11. f3 O-O 12. O-O e6 13. Rfd1 Re8 14. Qf2 Rc8 15.
Bf1 Qc7 16. Nc2 Bf8 17. Na4 Nc5 18. Nc3 Qb8 19. b4 Ncd7 20. Na4 b5 21. cxb5
axb5 22. Bxb5 Bxe4 23. Bxd7 Bxc2 24. Rxc2 Nxd7 25. Rb1 Qa8 26. Nb6 Nxb6 27.
Bxb6 Rxc2 28. Qxc2 Rc8 29. Qb3 Qb7 30. Be3 Qb5 31. a4 Qe2 32. Bf2 Rc2 33. Qe3
Qa6 34. a5 d5 35. Qb3 Qe2 36. Qe3 Qb5 37. Qb6 Qc4 38. h3 Rxf2 39. Qxf2 Bxb4 40.
Qb2 Qc5+ 41. Kh1 Bxa5 42. Rc1 Qf8 43. Qd4 Qb8 44. Qa1 Bc7 45. Qa6 Kg7 46. Qd3
1/2-1/2

[Event "DEM U14w 2012"]
[Site "Oberhof GER"]
[Date "2012.05.29"]
[Round "4"]
[White "Manusina, Nicole"]
[Black "Bluhm, Sonja Maria"]
[Result "1/2-1/2"]
[Termination "normal"]
[Board "2"]
[WhiteElo "1783"]
[BlackElo "1973"]
[PlyCount "70"]
[WhiteFideId "24657514"]
[BlackFideId "24654027"]
[EventCountry "GER"]
[EventRounds "9"]
[EventType "swiss"]
[EventDate "2012.05.26"]

1. d4 Nf6 2. c4 d6 3. Nc3 Nbd7 4. e4 e5 5. Be3 exd4 6. Bxd4 g6 7. f3 Bh6 8. Nd5
O-O 9. Ne2 c6 10. Nxf6+ Nxf6 11. Nc3 Qe7 12. Be2 Nd7 13. O-O a6 14. a4 a5 15.
Re1 Ne5 16. Bf1 Be6 17. b3 Nd7 18. Be3 Bg7 19. Bd4 Bh6 20. Be3 Bg7 21. Bd4 Be5
22. Ne2 Bxd4+ 23. Nxd4 Qf6 24. Kh1 Nc5 25. Rb1 Na6 26. Qd2 Nb4 27. Nc2 Nxc2 28.
Qxc2 d5 29. cxd5 cxd5 30. exd5 Bxd5 31. Qc5 Qc6 32. Qxc6 Bxc6 33. Bc4 Rfe8 34.
Kg1 Kg7 35. Kf2 Kf6 1/2-1/2

[Event "DEM U14w 2012"]
[Site "Oberhof GER"]
[Date "2012.05.29"]
[Round "4"]
[White "Nobis, Anna"]
[Black "Fesselier, Melissa"]
[Result "1-0"]
[Termination "normal"]
[Board "3"]
[WhiteElo "1577"]
[BlackElo "1624"]
[PlyCount "67"]
[WhiteFideId "1270302"]
[BlackFideId "20689284"]
[EventCountry "GER"]
[EventRounds "9"]
[EventType "swiss"]
[EventDate "2012.05.26"]

1. e4 e6 2. d4 d5 3. Nc3 Bb4 4. exd5 exd5 5. Bd3 Ne7 6. Nge2 O-O 7. Ng3 Ng6 8.
O-O c6 9. Kh1 Bd6 10. Qh5 Nd7 11. Nf5 Nf6 12. Qf3 Bxf5 13. Qxf5 h6 14. Ne2 Qc7
15. Qh3 Rae8 16. f4 c5 17. dxc5 Bxc5 18. Ng3 Be3 19. Ne2 Bc5 20. Qf3 Ne4 21.
Ng3 Nh4 22. Qg4 Nf2+ 23. Rxf2 Bxf2 24. Bd2 Ng6 25. Nh5 Qc8 26. f5 Re5 27. Qf3
Bd4 28. c3 Bb6 29. Qg4 Rfe8 30. Rf1 Kf8 31. Qg3 Kg8 32. fxg6 fxg6 33. Qxg6 Rxh5
34. Qh7# 1-0

[Event "DEM U14w 2012"]
[Site "Oberhof GER"]
[Date "2012.05.29"]
[Round "4"]
[White "Wiesner, Paula"]
[Black "Srokovskiy, Andrea"]
[Result "1-0"]
[Termination "normal"]
[Board "4"]
[WhiteElo "1770"]
[BlackElo "1767"]
[PlyCount "137"]
[WhiteFideId "24654019"]
[BlackFideId "4624947"]
[EventCountry "GER"]
[EventRounds "9"]
[EventType "swiss"]
[EventDate "2012.05.26"]

1. e4 c5 2. c3 d5 3. exd5 Qxd5 4. d4 g6 5. Nf3 cxd4 6. cxd4 Bg7 7. Nc3 Qa5 8.
Be2 Nh6 9. Bxh6 Bxh6 10. Ne5 O-O 11. O-O Nd7 12. Nc4 Qd8 13. d5 Nb6 14. d6 Nxc4
15. dxe7 Qxe7 16. Bxc4 a6 17. Re1 Qc5 18. Qb3 b5 19. Bd5 Ra7 20. Ne4 Qb6 21.
Rad1 Re7 22. Qf3 Bf5 23. Ng3 Rxe1+ 24. Rxe1 Be6 25. Bb3 Bg7 26. Re2 Bxb3 27.
Qxb3 Qd4 28. h3 Rd8 29. Qa3 Ra8 30. Qe7 Qd8 31. Qb7 Bf6 32. Nf1 Qb8 33. Qc6 Kg7
34. b3 Qc8 35. Rc2 Qxc6 36. Rxc6 a5 37. Rc5 b4 38. Ne3 Bd4 39. Rb5 Bxe3 40.
fxe3 Ra7 41. Kf2 Kf6 42. Ke2 Ke6 43. e4 Kd6 44. Kd3 Kc6 45. Kc4 h5 46. g4 hxg4
47. hxg4 Re7 48. e5 Ra7 49. Rd5 Kc7 50. Kb5 Ra8 51. g5 Ra7 52. Rd6 Ra8 53. Rf6
Re8 54. Rxf7+ Kb8 55. Kxa5 Rxe5+ 56. Kxb4 Rxg5 57. Rg7 Rg1 58. Ka5 g5 59. b4 g4
60. a4 g3 61. b5 g2 62. Kb6 Kc8 63. a5 Rh1 64. Rxg2 Rh6+ 65. Ka7 Rh7+ 66. Ka6
Kc7 67. b6+ Kc6 68. Rc2+ Kd6 69. b7 1-0

[Event "DEM U14w 2012"]
[Site "Oberhof GER"]
[Date "2012.05.29"]
[Round "4"]
[White "Brandl, Lea Maria"]
[Black "Schneider, Sabrina"]
[Result "1-0"]
[Termination "normal"]
[Board "5"]
[WhiteElo "1622"]
[BlackElo "1237"]
[PlyCount "77"]
[WhiteFideId "24693049"]
[BlackFideId "12951986"]
[EventCountry "GER"]
[EventRounds "9"]
[EventType "swiss"]
[EventDate "2012.05.26"]

1. d4 Nf6 2. c4 g6 3. Nc3 Bg7 4. e4 d6 5. Nf3 O-O 6. Be2 Nbd7 7. O-O e5 8. Re1
exd4 9. Nxd4 Nc5 10. Bf1 Re8 11. f3 Ne6 12. Nxe6 Bxe6 13. Be3 c6 14. Qc2 Qa5
15. Bf2 d5 16. cxd5 cxd5 17. e5 Nd7 18. f4 Red8 19. Bd4 Rac8 20. Qf2 a6 21. a3
b5 22. Rec1 Re8 23. b4 Qd8 24. a4 Bf8 25. Rcb1 a5 26. bxa5 bxa4 27. Nxa4 Rc4
28. Bxc4 dxc4 29. a6 Bd5 30. a7 Ba8 31. Nb6 Nxb6 32. Bxb6 Qc8 33. Be3 Qc7 34.
Ra2 Be4 35. Rc1 c3 36. Bd4 Bb4 37. Qe3 Qc4 38. Ra4 Bc6 39. Rxc3 1-0

[Event "DEM U14w 2012"]
[Site "Oberhof GER"]
[Date "2012.05.29"]
[Round "4"]
[White "Rosmait, Emily"]
[Black "Kempe, Anne"]
[Result "0-1"]
[Termination "normal"]
[Board "6"]
[WhiteElo "1628"]
[BlackElo "1648"]
[PlyCount "96"]
[WhiteFideId "12937754"]
[BlackFideId "12918083"]
[EventCountry "GER"]
[EventRounds "9"]
[EventType "swiss"]
[EventDate "2012.05.26"]

1. e4 c5 2. Nf3 a6 3. d4 cxd4 4. Nxd4 Nf6 5. Nc3 e5 6. Nf3 Bb4 7. Bd2 Nc6 8.
Bd3 d5 9. Qe2 Bg4 10. h3 Nd4 11. Qd1 dxe4 12. hxg4 Nxf3+ 13. gxf3 exd3 14. cxd3
O-O 15. Qc2 h6 16. g5 Nd5 17. gxh6 g6 18. Kf1 Rc8 19. Qb3 Nxc3 20. h7+ Kh8 21.
Bh6 Nd5 22. Bxf8 Bxf8 23. Qxb7 Rc7 24. Qxa6 Nf4 25. Rd1 Qg5 26. Rg1 Qh4 27. Rg4
Qh1+ 28. Rg1 Qxf3 29. Qf6+ Kxh7 30. Qh4+ Kg7 31. Qg4 Qxg4 32. Rxg4 Rc2 33. Rg3
Bc5 34. Rf3 Bd4 35. Rb1 Bxb2 36. a4 Bd4 37. Kg1 Ra2 38. Rb4 Bxf2+ 39. Kh1 Bc5
40. Rc4 Be7 41. Re3 Bf6 42. Rf3 Ra3 43. Rf2 Nxd3 44. Rfc2 Ra1+ 45. Kh2 Bg5 46.
R2c3 Bf4+ 47. Kg2 Nb2 48. Rb4 Bd2 0-1

[Event "DEM U14w 2012"]
[Site "Oberhof GER"]
[Date "2012.05.29"]
[Round "4"]
[White "Heinemann, Josefine"]
[Black "Wheeler, Sara"]
[Result "1-0"]
[Termination "normal"]
[Board "7"]
[WhiteElo "1853"]
[BlackElo "1320"]
[PlyCount "99"]
[WhiteFideId "12900460"]
[BlackFideId "12923079"]
[EventCountry "GER"]
[EventRounds "9"]
[EventType "swiss"]
[EventDate "2012.05.26"]

1. e4 e6 2. d4 d5 3. e5 c5 4. c3 Nc6 5. Nf3 Qb6 6. Be2 cxd4 7. cxd4 Nge7 8. Na3
Nf5 9. Nc2 Be7 10. O-O Bd7 11. a3 a5 12. Kh1 Rc8 13. g4 Nh4 14. Nxh4 Bxh4 15.
f4 Be7 16. f5 Qd8 17. Bd3 Qb6 18. Be3 Nd8 19. Qe2 Qxb2 20. Rab1 Qc3 21. Rb6 Qc7
22. Rfb1 a4 23. Bd2 Ra8 24. Qe1 h6 25. Ba5 Qc8 26. fxe6 Bxe6 27. Bb5+ Bd7 28.
Ne3 Bxb5 29. R6xb5 Qd7 30. Nxd5 Rb8 31. Bc7 Rc8 32. Bd6 Nc6 33. Rxb7 Qxg4 34.
Nxe7 Qf3+ 35. Kg1 Qg4+ 36. Qg3 Qxd4+ 37. Kh1 Qe4+ 38. Qg2 Qxg2+ 39. Kxg2 Nxe7
40. Rxe7+ Kd8 41. Rbb7 Rc2+ 42. Kf3 Rc3+ 43. Ke4 f5+ 44. Kd4 Rc2 45. e6 Rd2+
46. Ke5 Re2+ 47. Kf4 g5+ 48. Kf3 Rc2 49. Red7+ Kc8 50. Rb8# 1-0

[Event "DEM U14w 2012"]
[Site "Oberhof GER"]
[Date "2012.05.29"]
[Round "4"]
[White "Weber, Sandra"]
[Black "Reyher, Susan"]
[Result "1-0"]
[Termination "normal"]
[Board "9"]
[WhiteElo "1617"]
[BlackElo "1413"]
[PlyCount "43"]
[WhiteFideId "1270049"]
[BlackFideId "24686107"]
[EventCountry "GER"]
[EventRounds "9"]
[EventType "swiss"]
[EventDate "2012.05.26"]

1. e4 e5 2. Nf3 Nc6 3. d4 exd4 4. Nxd4 Nf6 5. Nc3 Bb4 6. Nxc6 bxc6 7. Bd3 O-O
8. O-O Re8 9. Re1 d6 10. Bg5 Re6 11. e5 Rxe5 12. Rxe5 dxe5 13. Bxh7+ Kxh7 14.
Qxd8 Bd6 15. Bxf6 gxf6 16. Qxf6 Be6 17. Ne4 Kg8 18. Rd1 Bf8 19. Qg5+ Bg7 20.
Nf6+ Kf8 21. Nh5 Bh8 22. Rd8+ 1-0

[Event "DEM U14w 2012"]
[Site "Oberhof GER"]
[Date "2012.05.29"]
[Round "4"]
[White "Morio, Estelle"]
[Black "Gaßmann, Linda"]
[Result "0-1"]
[Termination "normal"]
[Board "10"]
[WhiteElo "1355"]
[BlackElo "1779"]
[PlyCount "88"]
[WhiteFideId "12951951"]
[BlackFideId "12900451"]
[EventCountry "GER"]
[EventRounds "9"]
[EventType "swiss"]
[EventDate "2012.05.26"]

1. f4 d5 2. Nf3 Nf6 3. e3 g6 4. b3 Bg7 5. Bb2 O-O 6. Be2 c5 7. O-O Nc6 8. Qe1
Bf5 9. d3 Qb6 10. Bd1 Rac8 11. Nbd2 Rfd8 12. e4 dxe4 13. Nxe4 c4+ 14. Kh1 cxd3
15. Nxf6+ Bxf6 16. Bxf6 exf6 17. cxd3 Bxd3 18. Rg1 Nb4 19. Qh4 Nd5 20. Nd2 Qe3
21. Nf3 Qxf4 22. Qf2 b6 23. g3 Qf5 24. Qd2 Nc3 25. Rc1 Nxd1 26. Rgxd1 Qxf3+ 27.
Kg1 Rxc1 28. Qxc1 Re8 29. Re1 Rxe1+ 30. Qxe1 Qe2 31. Qxe2 Bxe2 32. Kf2 Bg4 33.
Ke3 Kf8 34. Kd4 Ke7 35. Kd5 Bf3+ 36. Kc4 Kd6 37. Kb5 Be2+ 38. Kb4 a5+ 39. Kc3
Ke5 40. Kd2 Bb5 41. Ke3 f5 42. h3 g5 43. h4 gxh4 44. gxh4 f4+ 0-1

[Event "DEM U14w 2012"]
[Site "Oberhof GER"]
[Date "2012.05.29"]
[Round "4"]
[White "Koch, Elisabeth"]
[Black "Sherif, Amina"]
[Result "1/2-1/2"]
[Termination "normal"]
[Board "11"]
[WhiteElo "1739"]
[BlackElo "1574"]
[PlyCount "115"]
[WhiteFideId "24695068"]
[BlackFideId "12911690"]
[EventCountry "GER"]
[EventRounds "9"]
[EventType "swiss"]
[EventDate "2012.05.26"]

1. e4 e5 2. Nf3 Nf6 3. Bc4 Nxe4 4. Nc3 Nf6 5. Nxe5 d5 6. Bb3 Bd6 7. O-O O-O 8.
d4 c6 9. Bg5 Nbd7 10. Ng4 Be7 11. Ne5 Nxe5 12. dxe5 Ng4 13. Bxe7 Qxe7 14. h3
Nxe5 15. Re1 Qg5 16. Re3 Qf6 17. Qe2 Ng6 18. Re1 Bd7 19. Na4 b6 20. Nc3 Qd8 21.
Qd2 Be6 22. Rd3 Rc8 23. Ne2 Bd7 24. c4 Ne5 25. Rd4 Bxh3 26. Nf4 Qg5 27. Rxe5
Qxe5 28. Nxh3 dxc4 29. Bxc4 Qf6 30. Rd6 Rcd8 31. Bxf7+ Kh8 32. Be6 Rxd6 33.
Qxd6 Re8 34. Nf4 g5 35. Qxc6 Rd8 36. Nd5 Qd4 37. Qc3 Qxc3 38. Nxc3 Rd2 39. Ne4
Rxb2 40. Nxg5 Kg7 41. Ne4 a5 42. Kh2 b5 43. f3 Rc2 44. Kh3 a4 45. g4 b4 46. Kg3
Rc6 47. Bd5 Rb6 48. Nc5 Rb5 49. Bc6 Rxc5 50. Bxa4 Kf6 51. f4 Rc3+ 52. Kh4 Rc4
53. f5 Rc3 54. Bd7 h6 55. Be6 Re3 56. Bc8 Rc3 57. Bb7 Ra3 58. Bd5 1/2-1/2

[Event "DEM U14w 2012"]
[Site "Oberhof GER"]
[Date "2012.05.29"]
[Round "4"]
[White "Lemke, Berfîn"]
[Black "Petermann, Tessa"]
[Result "1-0"]
[Termination "normal"]
[Board "12"]
[WhiteElo "1530"]
[BlackElo "1428"]
[PlyCount "73"]
[WhiteFideId "1270578"]
[BlackFideId "12929492"]
[EventCountry "GER"]
[EventRounds "9"]
[EventType "swiss"]
[EventDate "2012.05.26"]

1. e4 c5 2. Nf3 e6 3. d4 cxd4 4. Nxd4 a6 5. Bd3 Nf6 6. O-O Qc7 7. Nc3 Be7 8.
Nce2 O-O 9. f4 d6 10. Kh1 Nc6 11. c3 e5 12. Nxc6 Qxc6 13. Ng3 Be6 14. Qe2 Bg4
15. Qe3 Qc7 16. fxe5 dxe5 17. Nf5 Bxf5 18. Rxf5 Rad8 19. Rf1 Bc5 20. Qf3 h6 21.
Bc2 Be7 22. Qg3 Kh7 23. Be3 Rd7 24. Qf2 Ng4 25. Qf5+ Kh8 26. Qxg4 f6 27. Rf3
Rfd8 28. Rh3 Bc5 29. Bxc5 Qxc5 30. Bb3 Qb6 31. Rf3 Rd2 32. Rff1 Rxb2 33. Rad1
Qc7 34. Rxd8+ Qxd8 35. Rd1 Qc7 36. Rd7 Rb1+ 37. Bd1 1-0

[Event "DEM U14w 2012"]
[Site "Oberhof GER"]
[Date "2012.05.29"]
[Round "4"]
[White "Klinge, Alexandra"]
[Black "Eltze, Marlen"]
[Result "1/2-1/2"]
[Termination "normal"]
[Board "13"]
[WhiteElo "1303"]
[BlackElo "1183"]
[PlyCount "111"]
[EventCountry "GER"]
[EventRounds "9"]
[EventType "swiss"]
[EventDate "2012.05.26"]

1. e4 e5 2. Nf3 Nc6 3. d4 d6 4. Nc3 Nf6 5. Be2 b6 6. O-O Bb7 7. d5 Ne7 8. Bb5+
c6 9. dxc6 Bxc6 10. Bxc6+ Nxc6 11. Nd5 Be7 12. Qd3 O-O 13. Rd1 Rc8 14. c3 Ng4
15. h3 Nf6 16. Nxf6+ Bxf6 17. Qxd6 Qxd6 18. Rxd6 Rfd8 19. Rxd8+ Rxd8 20. Be3 b5
21. Bc5 a5 22. Kf1 h5 23. Ke2 g5 24. Rd1 Rxd1 25. Kxd1 Kg7 26. Kd2 Kg6 27. Kd3
Bd8 28. c4 b4 29. Bd6 f6 30. c5 Kf7 31. Kc4 Ke6 32. Kb5 Kd7 33. b3 Na7+ 34. Kc4
Kc6 35. h4 Nc8 36. Bf8 g4 37. Nd2 Ne7 38. Bg7 Ng6 39. g3 Be7 40. f3 gxf3 41.
Nxf3 Bxc5 42. Bxf6 Bd6 43. Bd8 Bc5 44. Bxa5 Bf2 45. Bxb4 Bxg3 46. a4 Nxh4 47.
Nxh4 Bxh4 48. Bc5 Be1 49. b4 h4 50. b5+ Kb7 51. Kd5 h3 52. Bg1 Bg3 53. a5 h2
54. Bxh2 Bxh2 55. Kd6 Bf4 56. Kd5 1/2-1/2

[Event "DEM U14w 2012"]
[Site "Oberhof GER"]
[Date "2012.05.29"]
[Round "4"]
[White "Holschuh, Luisa"]
[Black "Wetzler, Sophia"]
[Result "0-1"]
[Termination "normal"]
[Board "14"]
[WhiteElo "1289"]
[BlackElo "1297"]
[PlyCount "22"]
[WhiteFideId "12951978"]
[BlackFideId "12951960"]
[EventCountry "GER"]
[EventRounds "9"]
[EventType "swiss"]
[EventDate "2012.05.26"]

1. e4 e5 2. Nc3 Nc6 3. f4 Qf6 4. Nd5 Qd8 5. fxe5 Qh4+ 6. g3 Qxe4+ 7. Ne3 Qxh1
8. Nf3 d6 9. Nd5 Kd8 10. Kf2 Bg4 11. d3 Nxe5 0-1

[Event "DEM U14w 2012"]
[Site "Oberhof GER"]
[Date "2012.05.29"]
[Round "5"]
[White "Schwarz, Larissa"]
[Black "Nobis, Anna"]
[Result "1/2-1/2"]
[Termination "normal"]
[Board "1"]
[WhiteElo "1875"]
[BlackElo "1577"]
[PlyCount "44"]
[WhiteFideId "24699004"]
[BlackFideId "1270302"]
[EventCountry "GER"]
[EventRounds "9"]
[EventType "swiss"]
[EventDate "2012.05.26"]

1. e4 c5 2. Nf3 Nc6 3. d4 cxd4 4. Nxd4 e5 5. Nb5 d6 6. N1c3 a6 7. Na3 Be7 8.
Nc4 b5 9. Ne3 Nf6 10. g3 h5 11. Bg2 h4 12. O-O h3 13. Bh1 O-O 14. Ncd5 Be6 15.
c3 Rb8 16. Qe2 a5 17. Bd2 Qd7 18. Rac1 Rfc8 19. Rfd1 a4 20. Nxe7+ Nxe7 21. Be1
Bxa2 22. f4 Qc7 1/2-1/2

[Event "DEM U14w 2012"]
[Site "Oberhof GER"]
[Date "2012.05.29"]
[Round "5"]
[White "Bluhm, Sonja Maria"]
[Black "Wiesner, Paula"]
[Result "1/2-1/2"]
[Termination "normal"]
[Board "2"]
[WhiteElo "1973"]
[BlackElo "1770"]
[PlyCount "87"]
[WhiteFideId "24654027"]
[BlackFideId "24654019"]
[EventCountry "GER"]
[EventRounds "9"]
[EventType "swiss"]
[EventDate "2012.05.26"]

1. a3 d5 2. Nf3 Nf6 3. g3 Nc6 4. Bg2 e5 5. d3 Bc5 6. O-O O-O 7. b4 Bd6 8. Bb2
d4 9. Nbd2 a6 10. c4 dxc3 11. Bxc3 Qe7 12. Qc2 Bd7 13. Nc4 Rfe8 14. Rab1 Na7
15. Bxe5 Nb5 16. Qb2 Bxe5 17. Nfxe5 c6 18. Nxd7 Nxd7 19. e3 Ne5 20. Nxe5 Qxe5
21. Qxe5 Rxe5 22. Rb3 a5 23. d4 Re7 24. Rc1 g6 25. Bf3 Rd7 26. Rc5 a4 27. Rd3
Rad8 28. Bd1 Ra8 29. Kf1 f5 30. Ke2 Rd5 31. Rc1 g5 32. Kd2 g4 33. Kc2 Nd6 34.
Kb2 h5 35. Be2 Kg7 36. Rc5 Ne4 37. Rxd5 cxd5 38. f3 gxf3 39. Bxf3 Kg6 40. Rd1
Re8 41. Re1 Kg5 42. h4+ Kg6 43. Bxe4 fxe4 44. Rf1 1/2-1/2

[Event "DEM U14w 2012"]
[Site "Oberhof GER"]
[Date "2012.05.29"]
[Round "5"]
[White "Brandl, Lea Maria"]
[Black "Zahn, Alina"]
[Result "0-1"]
[Termination "normal"]
[Board "3"]
[WhiteElo "1622"]
[BlackElo "1773"]
[PlyCount "78"]
[WhiteFideId "24693049"]
[BlackFideId "24696730"]
[EventCountry "GER"]
[EventRounds "9"]
[EventType "swiss"]
[EventDate "2012.05.26"]

1. d4 Nf6 2. c4 e6 3. Nc3 d5 4. Bg5 Nbd7 5. Nf3 Be7 6. e3 O-O 7. Rc1 dxc4 8.
Bxc4 a6 9. O-O b5 10. Bd3 Bb7 11. Qe2 c5 12. Rfd1 c4 13. Bc2 b4 14. Nb1 Rc8 15.
Nbd2 c3 16. bxc3 bxc3 17. Nb3 Nd5 18. Bxe7 Qxe7 19. Ne5 Nxe5 20. dxe5 Nb4 21.
Bb1 Qc7 22. Nd4 Qxe5 23. Nc2 a5 24. Nxb4 axb4 25. Bc2 Qa5 26. h3 g6 27. Bb3 Ba6
28. Qc2 Rc5 29. Rd4 Bb7 30. Rcd1 Rg5 31. Rg4 h5 32. Rxg5 Qxg5 33. e4 Rd8 34.
Rxd8+ Qxd8 35. f3 Qd4+ 36. Kh2 Ba6 37. Kh1 Qd2 38. Kg1 Qxc2 39. Bxc2 Bc4 0-1

[Event "DEM U14w 2012"]
[Site "Oberhof GER"]
[Date "2012.05.29"]
[Round "5"]
[White "Kempe, Anne"]
[Black "Manusina, Nicole"]
[Result "1/2-1/2"]
[Termination "normal"]
[Board "4"]
[WhiteElo "1648"]
[BlackElo "1783"]
[PlyCount "75"]
[WhiteFideId "12918083"]
[BlackFideId "24657514"]
[EventCountry "GER"]
[EventRounds "9"]
[EventType "swiss"]
[EventDate "2012.05.26"]

1. e4 c6 2. d4 d5 3. exd5 cxd5 4. c4 Nf6 5. Nc3 Nc6 6. Bg5 e6 7. Nf3 Be7 8. c5
O-O 9. Bb5 Bd7 10. Bxc6 Bxc6 11. Ne5 Nd7 12. Nxd7 Bxd7 13. Bxe7 Qxe7 14. O-O
Qh4 15. a4 f5 16. f4 Rf6 17. Qd2 Rh6 18. h3 Rg6 19. Rf3 Rh6 20. Qf2 Qd8 21. b4
a6 22. Nd1 Rf6 23. Nb2 Rf8 24. Nd3 Qe8 25. Qa2 Qe7 26. Qb3 Rfb8 27. Ne5 Qe8 28.
Rc3 Rc8 29. Qc2 Rc7 30. Nxd7 Qxd7 31. Qb2 Rcc8 32. Rb3 Qc7 33. g3 b6 34. Qe2
Kf7 35. a5 b5 36. Re1 Qd7 37. Re3 Rc6 38. Qh5+ 1/2-1/2

[Event "DEM U14w 2012"]
[Site "Oberhof GER"]
[Date "2012.05.29"]
[Round "5"]
[White "Döpper, Anna Berenice"]
[Black "Weber, Sandra"]
[Result "0-1"]
[Termination "normal"]
[Board "5"]
[WhiteElo "1419"]
[BlackElo "1617"]
[PlyCount "44"]
[WhiteFideId "1271853"]
[BlackFideId "1270049"]
[EventCountry "GER"]
[EventRounds "9"]
[EventType "swiss"]
[EventDate "2012.05.26"]

1. e4 c5 2. c3 Nf6 3. e5 Nd5 4. d4 cxd4 5. cxd4 e6 6. Nf3 b6 7. Nc3 Nxc3 8.
bxc3 Bb7 9. Bd3 Be7 10. O-O d6 11. exd6 Qxd6 12. Re1 Nd7 13. Qe2 O-O 14. Ne5
Nf6 15. Ng4 Nxg4 16. Qxg4 f5 17. Qe2 Rf6 18. f3 Rg6 19. Bc4 Bd5 20. Bd3 Bh4 21.
Qe5 Qc6 22. Rd1 Bxf3 0-1

[Event "DEM U14w 2012"]
[Site "Oberhof GER"]
[Date "2012.05.29"]
[Round "5"]
[White "Fesselier, Melissa"]
[Black "Heinemann, Josefine"]
[Result "1/2-1/2"]
[Termination "normal"]
[Board "6"]
[WhiteElo "1624"]
[BlackElo "1853"]
[PlyCount "73"]
[WhiteFideId "20689284"]
[BlackFideId "12900460"]
[EventCountry "GER"]
[EventRounds "9"]
[EventType "swiss"]
[EventDate "2012.05.26"]

1. e4 c5 2. c3 Nf6 3. e5 Nd5 4. d4 cxd4 5. cxd4 d6 6. Nf3 e6 7. a3 Nc6 8. Bd3
dxe5 9. dxe5 g6 10. O-O Bg7 11. Bc4 O-O 12. Bg5 Qc7 13. Bxd5 exd5 14. Qxd5 Nxe5
15. Nxe5 Be6 16. Qd2 Qxe5 17. Nc3 Rac8 18. Rac1 Rfe8 19. a4 a6 20. Rfe1 Qa5 21.
Re4 Rc4 22. Rxc4 Bxc4 23. Ne4 Qxd2 24. Nxd2 Bd5 25. b3 h6 26. Be3 h5 27. h3 Bf8
28. Rc3 Bb4 29. Rd3 Bxd2 30. Bxd2 Be6 31. a5 Rc8 32. b4 Kf8 33. Kh2 Ke8 34. Kg3
Rd8 35. Rxd8+ Kxd8 36. Kf4 Ke7 37. Be3 1/2-1/2

[Event "DEM U14w 2012"]
[Site "Oberhof GER"]
[Date "2012.05.29"]
[Round "5"]
[White "Srokovskiy, Andrea"]
[Black "Schneider, Sabrina"]
[Result "1-0"]
[Termination "normal"]
[Board "7"]
[WhiteElo "1767"]
[BlackElo "1237"]
[PlyCount "47"]
[WhiteFideId "4624947"]
[BlackFideId "12951986"]
[EventCountry "GER"]
[EventRounds "9"]
[EventType "swiss"]
[EventDate "2012.05.26"]

1. d4 Nf6 2. Nf3 e6 3. e3 b6 4. Bd3 Bb7 5. O-O Be7 6. b3 O-O 7. Bb2 d6 8. Nbd2
c5 9. c4 Nc6 10. a3 Re8 11. Qc2 h6 12. Rfe1 Qc7 13. e4 e5 14. d5 Nd4 15. Nxd4
cxd4 16. b4 Rec8 17. a4 a6 18. Rec1 Bf8 19. a5 Nd7 20. Nb3 g6 21. Ba3 Be7 22.
axb6 Qxb6 23. c5 Qc7 24. c6 1-0

[Event "DEM U14w 2012"]
[Site "Oberhof GER"]
[Date "2012.05.29"]
[Round "5"]
[White "Gaßmann, Linda"]
[Black "Koch, Elisabeth"]
[Result "1-0"]
[Termination "normal"]
[Board "8"]
[WhiteElo "1779"]
[BlackElo "1739"]
[PlyCount "65"]
[WhiteFideId "12900451"]
[BlackFideId "24695068"]
[EventCountry "GER"]
[EventRounds "9"]
[EventType "swiss"]
[EventDate "2012.05.26"]

1. c4 e5 2. g3 Nf6 3. Nc3 c6 4. Bg2 d5 5. cxd5 cxd5 6. d3 Nc6 7. a3 Be6 8. Nf3
Be7 9. O-O O-O 10. b4 a6 11. Bb2 b5 12. Rc1 Qd7 13. Nb1 Bd6 14. Nbd2 a5 15.
bxa5 Rxa5 16. Nb3 Ra7 17. Nc5 Bxc5 18. Rxc5 Rb8 19. Nxe5 Nxe5 20. Bxe5 Rbb7 21.
Bxf6 gxf6 22. Qa1 Qe7 23. Rfc1 Rd7 24. Rxb5 Rxa3 25. Qd4 Ra2 26. Qe3 Qd6 27.
Qh6 Qe7 28. Qh5 d4 29. Be4 f5 30. Bxf5 Bxf5 31. Qxf5 Rd8 32. Rc8 Qe8 33. Qg5+
1-0

[Event "DEM U14w 2012"]
[Site "Oberhof GER"]
[Date "2012.05.29"]
[Round "5"]
[White "Silber, Stefanie"]
[Black "Rosmait, Emily"]
[Result "0-1"]
[Termination "time forfeit"]
[Board "9"]
[WhiteElo "1036"]
[BlackElo "1628"]
[PlyCount "70"]
[WhiteFideId "12918245"]
[BlackFideId "12937754"]
[EventCountry "GER"]
[EventRounds "9"]
[EventType "swiss"]
[EventDate "2012.05.26"]

1. e4 e5 2. Nf3 Nc6 3. d4 exd4 4. Nxd4 Bc5 5. Be3 Qf6 6. c3 Nge7 7. Bc4 Ne5 8.
Be2 d5 9. f4 Bxd4 10. cxd4 N5g6 11. e5 Qh4+ 12. g3 Qh3 13. Bf2 O-O 14. Nc3 Qe6
15. Nb5 Qb6 16. a4 a6 17. a5 Qc6 18. Rc1 Qd7 19. Nxc7 Ra7 20. Qb3 Nc6 21. Nxd5
Qe6 22. O-O Nxa5 23. Qa2 Nc6 24. Bc4 Qe8 25. Be3 b5 26. Bd3 Bb7 27. f5 Nge7 28.
Nf4 Nb4 29. Qb3 Nxd3 30. Qxd3 Nd5 31. Nh5 f6 32. g4 Nxe3 33. Qxe3 Bd5 34. h3
fxe5 35. dxe5 35... Re7 0-1